|
|
|
|
| LEADER |
00983nta a2200253 i 4500 |
| 001 |
dokt688 |
| 005 |
20250530115139.0 |
| 008 |
110221s2011 hu om 000 eng d |
| 024 |
7 |
|
|a 10.14232/phd.688
|2 doi
|
| 040 |
|
|
|a SZTE Doktori Repozitórium
|b hun
|
| 041 |
|
|
|a eng
|
| 100 |
1 |
|
|a Mészáros Viola
|
| 245 |
1 |
0 |
|a Extremal problems on planar point sets
|h [elektronikus dokumentum] /
|c Mészáros Viola
|
| 246 |
1 |
0 |
|a Extremális problémák síkbeli ponthalmazokon
|h [elektronikus dokumentum]
|
| 260 |
|
|
|c 2011-05-20
|
| 300 |
|
|
|a 84
|
| 502 |
|
|
|a Disszertacio
|
| 650 |
|
4 |
|a matematika- és számítástudományok
|
| 650 |
|
4 |
|a Matematika
|
| 700 |
0 |
1 |
|a Hajnal Péter
|e ths
|
| 700 |
0 |
1 |
|a Pavel Valtr
|e ths
|
| 856 |
4 |
0 |
|u https://doktori.bibl.u-szeged.hu/id/eprint/688/1/mvdoktori.pdf
|z Dokumentum-elérés
|
| 856 |
4 |
0 |
|u https://doktori.bibl.u-szeged.hu/id/eprint/688/3/tezism.pdf
|z Dokumentum-elérés
|
| 856 |
4 |
0 |
|u https://doktori.bibl.u-szeged.hu/id/eprint/688/2/tezisa.pdf
|z Dokumentum-elérés
|